Thirteen, Fourteen, Fifteen, or Sixteen? Quiz Stats

 Plays Quiz Updated Nov 4, 2019

Support Sporcle.
Go Orange.
Score 0/20 Timer 03:00
0 Plays Today
Question Answer Wrong Answers
Friday the _____
Day often considered unlucky, or the Jason Voorhees horror franchise
13th
94.7%
14th
0.3%
15th
0.2%
16th
0.1%
Sweet _____
Major birthday party for girls, or a round of the NCAA basketball tournament
Sixteen
92.8%
Thirteen
0.9%
Fourteen
0.6%
Fifteen
1%
Apollo _____
Failed lunar mission, or the 1995 film about that mission
13
91.5%
14
1.5%
15
1.2%
16
1%
_____ Minutes of Fame
Shortening of a famous quote by Andy Warhol
Fifteen
89.3%
Thirteen
2.5%
Fourteen
2.2%
Sixteen
1.4%
Ocean's _____
Final part of the George Clooney heist trilogy
Thirteen
86.4%
Fourteen
3.5%
Fifteen
3.6%
Sixteen
1.8%
_____ Colonies
Name for the British territories that became the United States
Thirteen
85.4%
Fourteen
4.3%
Fifteen
3.3%
Sixteen
2.1%
_____ Candles
Molly Ringwald coming-of-age movie
Sixteen
83.3%
Thirteen
5.9%
Fourteen
3.4%
Fifteen
2.9%
You're _____
Rockabilly love song by Johnny Burnette, famously covered by Ringo Starr
Sixteen
73.6%
Thirteen
4.7%
Fourteen
5.3%
Fifteen
11.2%
_____ Reasons Why
Controversial teen Netflix series, based on a Jay Asher novel
Thirteen
72.7%
Fourteen
5.9%
Fifteen
9.7%
Sixteen
6.8%
Freshman _____
Colloquialism about weight gain in college
Fifteen
70.2%
Thirteen
5.8%
Fourteen
11.8%
Sixteen
7%
Fight for _____
Movement to increase the US minimum wage
$15
70.1%
$13
10.1%
$14
9.7%
$16
4.9%
July _____
Date of Bastille Day
Fourteenth
68.3%
Thirteenth
8.4%
Fifteenth
10.8%
Sixteenth
7.5%
_____ Points
Name for Woodrow Wilson's post-World War I peace plan
Fourteen
52.8%
Thirteen
16.8%
Fifteen
13.9%
Sixteen
11%
Carbon-_____
Isotope of carbon used for radiocarbon dating
14
51.2%
13
24.5%
15
10.4%
16
8.5%
_____ to One
British trivia game show with a reputation for difficulty
Fifteen
50.8%
Thirteen
14.7%
Fourteen
10%
Sixteen
19.4%
_____-Ball
Highest numbered ball in a standard billiards set
15
49.1%
13
17.9%
14
10.6%
16
17.5%
_____ Tons
Famous song about a coal miner, made famous by Tennessee Ernie Ford
Sixteen
46.9%
Thirteen
11.7%
Fourteen
15.7%
Fifteen
20.2%
_____:59
Album by Sugar Ray, based on a famous Warhol quote
14
39.3%
13
20.8%
15
24.9%
16
9.4%
_____ Dalai Lama
Official title of Tenzin Gyatso, the current Tibetan leader
14th
36.4%
13th
20.1%
15th
19.1%
16th
18.7%
_____ Stone
Debut album by Bush
Sixteen
33.9%
Thirteen
17.5%
Fourteen
24.7%
Fifteen
18.2%

You're not logged in!

Compare scores with friends on all Sporcle quizzes.
OR
Log In

From the Vault

Game of Thrones: Dead or Alive?

by thanerosse

Main characters die like flies on this show! So does everyone else, for that matter.
Remove Ads.
Support Sporcle.
Get the best of Sporcle when you Go Orange. This ad-free experience offers more features, more stats, and more fun while also helping to support Sporcle. Thank you for becoming a member.

Show Comments

Extras

Top Quizzes Today


Score Distribution

Your Account Isn't Verified!

In order to create a playlist on Sporcle, you need to verify the email address you used during registration. Go to your Sporcle Settings to finish the process.

Report this User

Report this user for behavior that violates our Community Guidelines.

Details: